000
00313nam a22001337a 4500
008
181004b xxu||||| |||| 00| 0 eng d
020
_a
9024737230
041
_a
eng
080
_a
101
100
_a
24
101
_a
FIL
245
_a
Newton's scientific and Philosophical legacy
_c
Scheurer,P.B
942
_2
udc
_c
BK
999
_c
48856
_d
48856